[Event "España ch sub-18 2009"]
[Site "Granada ESP"]
[Date "2009.07.26"]
[Round "9.15"]
[White "Rioboo De Larriva, Alvaro"]
[Black "Moral Garcia, Serafin"]
[Result "1/2-1/2"]
[WhiteElo "2150"]
[BlackElo "1976"]
[PlyCount "104"]
[EventDate "2009.07.20"]
[EventType "swiss"]
[EventRounds "9"]
[EventCountry "ESP"]
[Source "lmi"]
[SourceDate "2009.07.20"]

1. e4 e5 2. Nf3 Nc6 3. d4 exd4 4. Nxd4 Bc5 5. Nb3 Bb4+ 6. c3 Be7 7. Be3 Nf6 8.
Bd3 d5 9. exd5 Nxd5 10. Bc1 O-O 11. O-O a5 12. Be4 Be6 13. Nd4 Nxd4 14. Qxd4 c6
15. Bc2 Nf6 16. Be3 Qxd4 17. Bxd4 b5 18. Nd2 c5 19. Be5 Bd5 20. Rfe1 Rfe8 21.
f3 c4 22. Bd4 Nd7 23. Ne4 f5 24. Ng3 g6 25. Rad1 Bf6 26. Ne2 Rad8 27. Bf2 Bf7
28. Nd4 Rxe1+ 29. Bxe1 Nc5 30. Bf2 b4 31. Nxf5 Rxd1+ 32. Bxd1 gxf5 33. Bxc5
bxc3 34. b3 cxb3 35. axb3 f4 36. b4 axb4 37. Bxb4 Bg6 38. Bxc3 Bxc3 39. Bb3+
Kg7 40. g3 Be5 41. Kg2 Kf6 42. Bd5 Ke7 43. Ba8 Kd6 44. Bb7 Kc5 45. Ba8 Kd4 46.
Bb7 Ke3 47. Bc6 Kd4 48. Bb7 Bf7 49. Be4 h6 50. Bb7 Bd5 51. Bxd5 Kxd5 52. gxf4
Bxf4 1/2-1/2

[Event "España ch sub-18 2009"]
[Site "Granada ESP"]
[Date "2009.07.26"]
[Round "9.16"]
[White "Jimenez Capilla, Martin R"]
[Black "Gil Quilez, David"]
[Result "1/2-1/2"]
[WhiteElo "1984"]
[BlackElo "2163"]
[PlyCount "58"]
[EventDate "2009.07.20"]
[EventType "swiss"]
[EventRounds "9"]
[EventCountry "ESP"]
[Source "lmi"]
[SourceDate "2009.07.20"]

1. e4 e5 2. Nf3 Nc6 3. Bb5 a6 4. Ba4 Nf6 5. O-O b5 6. Bb3 Be7 7. Re1 d6 8. c3
O-O 9. h3 Na5 10. Bc2 c5 11. d4 Qc7 12. Nbd2 cxd4 13. cxd4 Bd7 14. Nf1 Rac8 15.
Bd3 Rfe8 16. b3 Nc6 17. Bb2 Bd8 18. Rc1 Qa7 19. d5 Nb4 20. Bb1 a5 21. Ba3 Bb6
22. Qd2 Bc5 23. Ne3 Qb7 24. Bb2 Na6 25. a3 Bb6 26. b4 axb4 27. Rxc8 Rxc8 28.
axb4 Qa7 29. Bd3 Qb7 1/2-1/2